Statistics for business and economics / (Record no. 17047)

MARC details
000 -LEADER
fixed length control field 01291cam a2200349 a 4500
001 - CONTROL NUMBER
control field 16580326
003 - CONTROL NUMBER IDENTIFIER
control field BD-DhSAU
005 - DATE AND TIME OF LATEST TRANSACTION
control field 20230926100637.0
008 - FIXED-LENGTH DATA ELEMENTS--GENERAL INFORMATION
fixed length control field 101215s2012 ohua b 001 0 eng d
020 ## - INTERNATIONAL STANDARD BOOK NUMBER
International Standard Book Number 9780538481656 (student ed.)
020 ## - INTERNATIONAL STANDARD BOOK NUMBER
International Standard Book Number 053848165X (student ed.)
020 ## - INTERNATIONAL STANDARD BOOK NUMBER
International Standard Book Number 9780538481649 (hbk. : student ed. pkg.)
020 ## - INTERNATIONAL STANDARD BOOK NUMBER
International Standard Book Number 0538481641 (hbk. : student ed. pkg.)
040 ## - CATALOGING SOURCE
Original cataloging agency BD-DhSAU
082 04 - DEWEY DECIMAL CLASSIFICATION NUMBER
Classification number 519.5 An2336
Edition number 22
100 1# - MAIN ENTRY--PERSONAL NAME
Personal name Anderson, David R.
Fuller form of name (David Ray),
Dates associated with a name 1941-
245 10 - TITLE STATEMENT
Title Statistics for business and economics /
Statement of responsibility, etc. David R. Anderson, Dennis J. Sweeney, Thomas A. Williams.
246 30 - VARYING FORM OF TITLE
Title proper/short title Statistics for business & economics
250 ## - EDITION STATEMENT
Edition statement 12th ed., rev.
260 ## - PUBLICATION, DISTRIBUTION, ETC. (IMPRINT)
Place of publication, distribution, etc. Mason, Ohio :
Name of publisher, distributor, etc. South-Western Cengage Learning,
Date of publication, distribution, etc. c2012.
300 ## - PHYSICAL DESCRIPTION
Extent xxii, 1088 p. :
Other physical details col. ill. ;
Dimensions 27 cm.
500 ## - GENERAL NOTE
General note Contains a website access card.
504 ## - BIBLIOGRAPHY, ETC. NOTE
Bibliography, etc Includes bibliographical references (p. [976]-977) and index.
590 ## - Name of Cataloguer
Name of Cataloger roy
650 #0 - SUBJECT ADDED ENTRY--TOPICAL TERM
Topical term or geographic name as entry element Commercial statistics
General subdivision Methodology.
650 #0 - SUBJECT ADDED ENTRY--TOPICAL TERM
Topical term or geographic name as entry element Economics
General subdivision Statistical methods.
650 #0 - SUBJECT ADDED ENTRY--TOPICAL TERM
Topical term or geographic name as entry element Statistics.
700 1# - ADDED ENTRY--PERSONAL NAME
Personal name Sweeney, Dennis J.
700 1# - ADDED ENTRY--PERSONAL NAME
Personal name Williams, Thomas A.
Fuller form of name (Thomas Arthur),
Dates associated with a name 1944-
942 ## - ADDED ENTRY ELEMENTS (KOHA)
Source of classification or shelving scheme Dewey Decimal Classification
Koha item type Book
Holdings
Withdrawn status Lost status Source of classification or shelving scheme Damaged status Not for loan Collection code Home library Branch Name Shelving location Date acquired Cost, normal purchase price Total Checkouts Full call number Barcode Date last seen Price effective from Koha item type
    Dewey Decimal Classification   Not For Loan Reference SAU Library SAU Library Reference 21/06/2023 3360.00   519.5 An2336 44894 26/09/2023 26/09/2023 Book